ბათუმის შოთა რუსთაველის სახელმწიფო უნივერსიტეტის ბიბლიოთეკა

Эмотивность в русской и в тукрецкой языковой картине мира :დისერტაცია / (ბიბ.ჩანაწერი № 52155)

000 -ლიდერი
ფიქსირებული სიგრძის საკონტროლო ველი 01187nam a2200241Ia 4500
001 - საკონტროლო ნომერი
საკონტროლო ველი 19162
003 - საკონტროლო ნომრის იდენტიფიკატორი
საკონტროლო ველი GE_BSU
005 - ბოლო ოპერაციის თარიღი და დრო
საკონტროლო ველი 20220920143119.0
008 - ფიქსირებული სიგრძის მონაცემთა ელემენტები - ზოგადი ინფორმაცია
ფიქსირებული სიგრძის საკონტროლო ველი 181216s2008||||ge |||||||||||||| ||geo||
040 ## - კატალოგიზაციის წყარო
Transcribing agency GE_BSU
041 ## - ენის კოდი
Language code of text/sound track or separate title geo
080 ## - უნივერსალური ათობითი კლასიფიკაციის ინდექსი
Universal Decimal Classification number 81 Д-44
100 ## - მთავარი ჩანაწერი - პიროვნების სახელი
Personal name Диасамидзе, Г.
9 (RLIN) 10544
245 ## - ცნობა სათაურის შესახებ
Title Эмотивность в русской и в тукрецкой языковой картине мира :დისერტაცია /
Statement of responsibility, etc Г. Диасамидзе; Научн. руков. Д. З. Гоциридзе; Батумский гос. ун-т им. Шота Руставели.
264 ## - წარმოების, გამოცემის, დისტრიბუციის და სხვა ცნობები
გამოცემის, წარმოების, დისტრიბუციის... ადგილი Батуми :
გამოცემის, წარმოების, დისტრიბუციის... სახელწოდება Батумский гос. ун-т им. Ш. Руставели,
გამოცემის, წარმოების, დისტრიბუციის... თარიღი 2008.
300 ## - ფიზიკური აღწერა
Extent 122 стр. ,
Other physical details 30 см.
653 ## - INDEX TERM--UNCONTROLLED
Uncontrolled term Эмотивность в русской и в тукрецкой языковой картине мира
653 ## - INDEX TERM--UNCONTROLLED
Uncontrolled term Языкознание
653 ## - INDEX TERM--UNCONTROLLED
Uncontrolled term დისერტაცია
700 ## - ADDED ENTRY--PERSONAL NAME
Personal name Гоциридзе, Д. З.
Relator term სამეცნიერო ხელმძღვანელი
9 (RLIN) 10425
710 ## - ADDED ENTRY--CORPORATE NAME
Corporate name or jurisdiction name as entry element Батумский гос. ун-т им. Шота Руставели
9 (RLIN) 11850
942 ## - ADDED ENTRY ELEMENTS (KOHA)
Koha item type წიგნი
Source of classification or shelving scheme
ეგზემპლარები
ჩამოწერის სტატუსი დაკარგული ეგზემპლარის სტატუსი კლასიფიკაციის წყარო ან თაროზე გაწყობის სქემა დაზიანების სტატუსი არ გაიცემა მუდმივი მდებარეობა (დაცვის ადგილი) ამჟამინდელი ადგილსამყოფელი თაროზე განთავსების ადგილი შეძენის თარიღი სრული შენახვის შიფრი შტრიხკოდი ბოლო ოპერაციის თარიღი ეგზემპლარის მიმდევრობითი ნომერი (კეტერი?) ფასის ძალაში შესვლის თარიღი ეგზემპლარის სახეობა საჯარო შენიშვნა
          ბათუმის შოთა რუსთაველის სახელმწიფო უნივერსიტეტის მთავარი ბიბლიოთეკა ბათუმის შოთა რუსთაველის სახელმწიფო უნივერსიტეტის მთავარი ბიბლიოთეკა წიგნსაცავი 2018-12-17 81 Д-44 28 დისერტ. 2018-12-17 28 2018-12-17 დისერტაცია